| 000 | 00643nam a2200217 a 4500 | ||
|---|---|---|---|
| 001 | 57255 | ||
| 003 | BD-RjUL | ||
| 005 | 20211209080504.0 | ||
| 008 | 161207s1980 enk||||| |||| 00| 0 eng d | ||
| 035 | _a(BD-RjUL)57379 | ||
| 040 |
_aBD-RjUL _beng _cBD-RjUL _dBD-RjUL |
||
| 041 | _aeng | ||
| 082 |
_223 _a155.2 _bREV 1980 |
||
| 245 |
_aReview of personality and social psychology _b : 1 _cLadd Wheeler |
||
| 260 |
_aLondon : _bSage Publications, _c1980 |
||
| 300 |
_a352 p. ; _c21 cm |
||
| 504 | _aIncludes Bibliographical References | ||
| 650 |
_aPersonality _xSocial psychology _9170028 |
||
| 700 |
_aWheeler, Ladd _9170029 |
||
| 942 |
_2ddc _cBK |
||
| 999 |
_c57255 _d57255 |
||